| 000 | nam a22 7a 4500 | ||
|---|---|---|---|
| 999 |
_c7009 _d7009 |
||
| 005 | 20190129044638.0 | ||
| 008 | 190129b xxu||||| |||| 00| 0 eng d | ||
| 020 |
_a9780345498694 _bpaperback |
||
| 040 |
_beng _cAPEC Schools Library _erda |
||
| 082 |
_aFic _bN163t 2004 |
||
| 100 | _aNakano, Hitori | ||
| 245 |
_aTrain man _cHitori Nakano |
||
| 264 |
_aNew York : _bBallantine Books, _c©2004. _d2004. |
||
| 300 |
_a403 pages : _billustrations ; _c18 cm. |
||
| 336 |
_2rdacontent _atext |
||
| 337 |
_2rdamedia _aunmediated |
||
| 338 |
_2rdacarrier _avolume |
||
| 942 |
_2ddc _cBK |
||